La política y legislación forestal nicaraguense: implicaciones para el fomento y aprovechamiento arbóreo en fincas ganaderas /
Este articulo vincula la problemática forestal y ambiental, en Nicaragua, a nivel micro con el nivel de las políticas más sectoriales a través de un estudio de caso y consulta a expertos. Aporta al conocimiento de las principales barreras legales e institucionales que impiden a los finqueros ganader...
Uloženo v:
| Hlavní autor: | |
|---|---|
| Další autoři: | , , , |
| Médium: | Text |
| Témata: | |
| Tagy: |
Přidat tag
Žádné tagy, Buďte první, kdo vytvoří štítek k tomuto záznamu!
|
MARC
| LEADER | 00000 a a2200000 04500 | ||
|---|---|---|---|
| 001 | 6940 | ||
| 003 | |||
| 040 | |||
| 100 | |a Marín, Yuri | ||
| 245 | |a La política y legislación forestal nicaraguense: implicaciones para el fomento y aprovechamiento arbóreo en fincas ganaderas / |c Yuri Marín | ||
| 520 | |a Este articulo vincula la problemática forestal y ambiental, en Nicaragua, a nivel micro con el nivel de las políticas más sectoriales a través de un estudio de caso y consulta a expertos. Aporta al conocimiento de las principales barreras legales e institucionales que impiden a los finqueros ganaderos fomentar y aprovechar mejor el recurso arbóreo. El estudio discute sobre el desconocimiento de la legislación forestal del país entre los finqueros y una falta de coordinación entre los actores institucionales | ||
| 650 | |a POLITICA AMBIENTAL | ||
| 650 | |a MEDIO AMBIENTE | ||
| 650 | |a LEGISLACION AMBIENTAL | ||
| 650 | |a GANADERIA | ||
| 650 | |a BOSQUES | ||
| 650 | |a NICARAGUA | ||
| 700 | |a Defeltsen, Guillermo | ||
| 700 | |a Fernández, Milton | ||
| 700 | |a Aguilar, Amilcar | ||
| 700 | |a Rivas, Roberto | ||
| 773 | |g volumen 39, número 77; páginas 29-52 | ||
| 999 | |c 23446 |d 23446 | ||
